Statistics for Albania History Quiz

Click here to take the quiz!

General Stats

  • This quiz has been taken 19 times
  • The average score is 9 of 10

Answer Stats

QuestionAnswer% Correct
Ancient tribes that inhabited Albania and the Western Balkans starting with IIllyrian tribes
94%
Religion that spread to Albania when they were a part of the empire aboveIslam
94%
Empire that conquered Albania (and all of the Mediterranean Sea)Roman Empire
94%
Northern neighbour of Albania from 1918-1941 and 1945-1992Yugoslavia
94%
Ideology of Albania from 1946-1991Communism
88%
First leader of Albania after WW2Enver Hoxha
88%
Country which liberated southern Albania as part of a counterattack during WW2Kingdom of Greece
88%
Country which invaded Albania right before WW2Kingdom of Italy
88%
Turkish empire that controlled Albania after the fall of the empire aboveOttoman Empire
81%
Greek empire that controlled Albania after the fall of the empire aboveEastern Roman Empire
63%

Score Distribution

Percentile by Number Answered

Percent of People with Each Score

Your Score History

You have not taken this quiz